Spojené nádoby respektu k rozmanitosti

Svět, lidé i kniha v pohybu: posílení i otupení štěpících linií mezi Severem a Jihem i Východem a Západem. Nesnadné námluvy mezi postkoloniálními studii a politickou ekonomií a ekológií.

Gespeichert in:
Bibliographische Detailangaben
1. Verfasser: Horký-Hlucháň, Ondřej
Weitere Verfasser: Profant, Tomáš Imrich, 1983-
Format: Buchkapitel
Sprache:Tschechisch
Tags: Tag hinzufügen
Keine Tags, Fügen Sie das erste Tag hinzu!

MARC

LEADER 00000naa$a2200000$$$4500
001 0291858
005 20240502125612.2
041 0 |a cze 
044 |a CZ 
245 1 0 |a Spojené nádoby respektu k rozmanitosti  |c Ondřej Horký-Hlucháň, Tomáš Imrich Profant 
520 |a Svět, lidé i kniha v pohybu: posílení i otupení štěpících linií mezi Severem a Jihem i Východem a Západem. Nesnadné námluvy mezi postkoloniálními studii a politickou ekonomií a ekológií. 
100 1 |a Horký-Hlucháň, Ondřej 
700 1 |a Profant, Tomáš Imrich, 1983-